000 00429nam a2200181Ia 4500
001 3389
005 20260306145640.0
008 260306t2007||||xx |||||||||||||| ||spa||
041 _aESP
082 _a271.53
_bM26
100 _aMarzal, Manuel
_eAUT
245 0 _aLos Jesuitas y la modernidad en Iberoamérica:
_b1549 - 1773
260 _c2007
300 _a
_c
650 _aGEN
654 _aCHU
942 _cLIB
_dJUS
_fJUS
_2ddc
_n
999 _c3389
_d3389